Bankruptcy Filings Quiz Stats

 Plays Quiz Updated Feb 6, 2015

Score 0/14 Timer 04:00
0 Plays Today
Date Company % Correct
6/1/09General Motors Corporation
90.5%
4/30/09Chrysler LLC
60.3%
12/2/01Enron Corp.
60%
9/15/08Lehman Brothers Holdings Inc.
43.7%
7/21/02WorldCom, Inc.
27.9%
9/26/08Washington Mutual, Inc.
16.8%
4/12/87Texaco, Inc.
8.6%
Date Company % Correct
4/29/14Energy Future Holdings Ltd.
4.1%
4/6/01Pacific Gas and Electric Company
3.3%
11/1/09CIT Group, Inc
2.1%
12/17/02Conseco, Inc.
1.6%
10/31/11MF Global Holdings Ltd.
1.3%
5/1/09Thornburg Mortgage, Inc.
1.3%
9/9/88Financial Corp. of America
0.9%

You're not logged in!

Compare scores with friends on all Sporcle quizzes.
OR
Log In

Sporcle TV

Today on Sporcle TV


Watch our educational content, quiz creation guides, and fun videos on Sporcle TV.

Show Comments

Extras

Top Quizzes Today


Score Distribution

Your Account Isn't Verified!

In order to create a playlist on Sporcle, you need to verify the email address you used during registration. Go to your Sporcle Settings to finish the process.

Report this User

Report this user for behavior that violates our Community Guidelines.

Details: